|
|
|
|
| LEADER |
00000nab a2200000 a 4500 |
| 001 |
vtls000512469 |
| 003 |
SK-MaSNL |
| 005 |
20260303003800.0 |
| 008 |
140527c1994 xo 0 slo |
| 015 |
|
|
|a SNBRB19rr/mm-uuuuu
|
| 035 |
|
|
|a CL0512607
|
| 040 |
|
|
|a SNKBUCL
|b slo
|c SNKBUCL
|e AACR2
|
| 041 |
0 |
|
|a slo
|
| 044 |
|
|
|a xo
|c SK
|
| 080 |
|
|
|a 355.311.1(437.6)
|2 1981
|
| 100 |
1 |
|
|a Moravčík, Jozef,
|d 1945-
|4 aut
|9 114296
|
| 245 |
1 |
0 |
|a Premiér Jozef Moravčík exkluzívne pre náš týždenník: Musíme byť vlastenci
|c Jozef Moravčík, -me
|
| 300 |
|
|
|b Fotogr. 1, obr. 1
|
| 650 |
0 |
7 |
|a Armáda Slovenskej republiky
|2 snkbucl
|9 894060
|
| 655 |
|
7 |
|a články z novín a časopisov
|2 snkbucl
|9 267496
|
| 700 |
1 |
|
|a -me
|4 aut
|9 982038
|
| 773 |
0 |
|
|t Republika
|g Roč. 2, č. 75 (31. 3. 1994)
|
| 773 |
0 |
|
|t [Príl.] Obrana
|g Č. 13 (1994), s. 1
|
| 850 |
|
|
|a Slovenská národná knižnica v Martine
|a MTA001
|
| 852 |
|
|
|a SNK
|b KIS3GCP
|
| 958 |
|
|
|a RK
|
| 992 |
|
|
|a RBX
|
| 999 |
|
|
|c 1574432
|d 1576362
|